00266nam a22001217a 4500082001600000100001400016245003600030250000600066260002500072300000900097650001400106650002400120 a546.224 WEL aWells A.F a Structural Inorganic Chemistry a3 aLondonbOxfordc1962 a1055 aChemistry aInorganic Chemistry